02844nkc a2200373za 450000100060000000300040000600500170001000700070002700800410003404000240007510000410009924500530014026000240019330001010021750003990031850001930071750000650091050001340097550001680110950401340127750500510141151001510146251002100161356101300182361000540195365100260200765500400203370000600207385200120213385601500214594200250229595201330232099900170245384706OSt20260324131807.0kh boc250410s19101911sp ||||| ||||||0| i|spa d aM-RABAbspacM-RABA1 aElorza, Lorenzod(1861-1931)911106810aSan Vicentejo b: Ábside de la ermitac/ L. E. c[ca. 1910 – 1911] a1 fotografía b: gelatina de plata c; imagen 17 x 12 cmc; soporte secundario 26,5 x 21,5 cm  aVista frontal del ábside de la ermita de la Purísima Concepción en San Vicentejo, donde se aprecian los tres cuerpos que lo componen, tres de los lienzos del cuerpo central con vanos formados por arcos de medio punto y trasdós apuntados; en el tercer cuerpo se aprecian arcos ciegos trilobulados y apoyados en impostas. Federico Baraibar se apoya en el muro junto a un joven y un perro. aFotografía montada sobre soporte secundario de cartulina azul enmarcada con orla en relieve. Título y numeración manuscrita que hace referencia a la posición en la serie “151”. aSello con monograma del fotógrafo en tinta roja “L.E.” aFechas tomadas de la ejecución del positivo de las fotografías, incluido el soporte secundario. (Soto Madrazo, Javier. 2008). aForma parte de un conjunto de 167 fotografías empleadas por Federico Baráibar Zumárraga para la elaboración del Inventario del Románico en Álava (1911) aFechas tomadas de la ejecución del positivo de las fotografías, incluido el soporte secundario. (Soto Madrazo, Javier. 2008). aSan Vicentejo.- Ábside de la ermita. / L. E. aDescripción tomada de: Soto Madrazo, Javier (2008). Federico Baraibar y el Inventario del Románico en Álava: una caja con 167 fotografías. aEsta colección fue utilizada posteriormente por Cristóbal de Castro para la elaboración y publicación del "Catálogo Monumental de España: provincia de Álava", Madrid, S. de Rivadeneira, 1915. aDonadas junto con la memoria manuscrita a la Academia por el mismo Baraibar (Sesión 12 de febrero de 1912, Archivo: 4-32-1)27aErmita de la Concepción (San Vicentejo)9111653 7aÁlava2embne975661 0aFotografías de monumentos91115801 aBaráibar y Zumárraga, Federico d(1851-1918)912926 jFot-260 3Fot-260uhttps://archivoybiblioteca.realacademiabellasartessanfernando.com/cgi-bin/koha/opac-retrieve-file.pl?id=b19ef64d8da395264bdd19661b93607e 2ddccFOTOGRAFÍAn0 00102ddc40708FOTOGRAFIAaRABASFbRABASFcDP2d2025-05-07l0oFot-260p1095592r2025-05-07 10:23:19w2025-05-07yFOTOGRAFÍA c84706d84706